| Tag |
First Indicator |
Second Indicator |
Subfields |
| LEADER |
00000cam a2200000 i 4500 |
| 001 |
in00005759421 |
| 005 |
20260326213724.3 |
| 006 |
m o d |
| 007 |
cr cnu---unuuu |
| 008 |
150731s1993 mau ob 001 0 eng d |
| 040 |
|
|
|a N$T
|b eng
|e rda
|e pn
|c N$T
|d EBLCP
|d N$T
|d OCLCE
|d UIU
|d OCLCF
|d OPELS
|d E7B
|d COO
|d YDXCP
|d DEBSZ
|d MERUC
|d IDB
|d OTZ
|d OCLCQ
|d VLY
|d S2H
|d OCLCO
|d OCLCQ
|d OCLCO
|d OCLCL
|d OCLCQ
|
| 019 |
|
|
|a 760326861
|a 895431276
|
| 020 |
|
|
|a 9781483257761
|q (electronic bk.)
|
| 020 |
|
|
|a 1483257762
|q (electronic bk.)
|
| 020 |
|
|
|z 9780124779228
|
| 020 |
|
|
|z 0124779220
|
| 035 |
|
|
|a (OCoLC)915158542
|z (OCoLC)760326861
|z (OCoLC)895431276
|
| 050 |
|
4 |
|a QC242.2
|b .U53 1993
|
| 072 |
|
7 |
|a TEC
|x 009000
|2 bisacsh
|
| 072 |
|
7 |
|a TEC
|x 035000
|2 bisacsh
|
| 082 |
0 |
4 |
|a 620.2/5
|2 23
|
| 049 |
|
|
|a TXAM
|
| 245 |
0 |
0 |
|a Underwater scattering and radiation /
|c edited by Allan D. Pierce, R.N. Thurston.
|
| 264 |
|
1 |
|a Boston :
|b Academic Press, Inc.,
|c [1993]
|
| 264 |
|
4 |
|c ©1993
|
| 300 |
|
|
|a 1 online resource
|
| 336 |
|
|
|a text
|b txt
|2 rdacontent
|
| 337 |
|
|
|a computer
|b c
|2 rdamedia
|
| 338 |
|
|
|a online resource
|b cr
|2 rdacarrier
|
| 490 |
1 |
|
|a Physical acoustics ;
|v v. 22
|
| 588 |
0 |
|
|a Online resource; title from PDF title page (EBSCO, viewed August 10, 2015).
|
| 504 |
|
|
|a Includes bibliographical references and index.
|
| 505 |
0 |
|
|a Acoustic scattering from elastic solids / Roger H. Hackman -- Variational formulations in acoustic radiation and scattering / Allan D. Pierce.
|
| 520 |
|
|
|a Underwater Scattering and Radiation.
|
| 650 |
|
0 |
|a Underwater acoustics.
|
| 650 |
|
0 |
|a Sound-waves
|x Scattering.
|
| 650 |
|
6 |
|a Acoustique sous-marine.
|
| 650 |
|
6 |
|a Ondes sonores
|x Diffusion.
|
| 650 |
|
7 |
|a TECHNOLOGY & ENGINEERING
|x Engineering (General)
|2 bisacsh
|
| 650 |
|
7 |
|a TECHNOLOGY & ENGINEERING
|x Reference.
|2 bisacsh
|
| 650 |
|
7 |
|a Sound-waves
|x Scattering
|2 fast
|
| 650 |
|
7 |
|a Underwater acoustics
|2 fast
|
| 650 |
|
7 |
|a Acoustique sous-marine.
|2 ram
|
| 650 |
|
7 |
|a Ondes sonores
|x Diffusion.
|2 ram
|
| 655 |
|
7 |
|a Electronic books.
|2 local
|
| 700 |
1 |
|
|a Pierce, Allan D.,
|e editor.
|
| 700 |
1 |
|
|a Thurston, R. N.
|q (Robert N.),
|e editor.
|1 https://id.oclc.org/worldcat/entity/E39PCjw8wj7BXXP3m7JJrQxg4y
|
| 710 |
2 |
|
|a ScienceDirect (Online service)
|
| 758 |
|
|
|i has work:
|a Underwater scattering and radiation (Text)
|1 https://id.oclc.org/worldcat/entity/E39PCFXHMcJ3RTFMtRpqHTR83P
|4 https://id.oclc.org/worldcat/ontology/hasWork
|
| 776 |
0 |
8 |
|i Print version:
|t Underwater scattering and radiation.
|d Boston : Academic Press, Inc., ©1993
|w (OCoLC)27134946
|
| 830 |
|
0 |
|a Physical acoustics ;
|v v. 22.
|
| 856 |
4 |
0 |
|u http://proxy.library.tamu.edu/login?url=https://www.sciencedirect.com/science/bookseries/0893388X/22
|z Connect to the full text of this electronic book
|t 0
|
| 955 |
|
|
|a Elsevier ScienceDirect 2026-2027
|
| 994 |
|
|
|a 92
|b TXA
|
| 999 |
f |
f |
|i 24a645c5-f32f-4d1f-adb3-c7bc7bf39f3a
|s 898e35cc-05d7-47c1-a533-6dade2132b81
|t 0
|
| 952 |
f |
f |
|a Texas A&M University
|b College Station
|c Electronic Resources
|s www_evans
|d Available Online
|t 0
|e QC242.2 .U53 1993
|h Library of Congress classification
|
| 998 |
f |
f |
|a QC242.2 .U53 1993
|t 0
|l Available Online
|